[Event "HUN-chT2 Erkel 1819"]
[Site "Hungary"]
[Date "2019.02.24"]
[Round "6.6"]
[White "Kiss, Pal Vac"]
[Black "Vitalyos, Marton"]
[Result "1/2-1/2"]
[WhiteElo "1957"]
[BlackElo "2069"]
[PlyCount "35"]
[EventDate "2018.10.28"]
[EventType "team-tourn"]
[EventRounds "9"]
[EventCountry "HUN"]
[SourceTitle "EXT 2021"]
[Source "ChessBase"]
[SourceDate "2020.10.23"]
[SourceVersion "1"]
[SourceVersionDate "2020.10.23"]
[SourceQuality "1"]
[WhiteTeam "Vac"]
[BlackTeam "Budapest MTK II"]
[WhiteTeamCountry "HUN"]
[BlackTeamCountry "HUN"]

1. e4 c5 2. Nf3 Nc6 3. d4 cxd4 4. Nxd4 a6 5. Nc3 e5 6. Nb3 Nf6 7. a3 Be7 8. Be3 0-0 9. Nd5 d6 10. Bb6 Qd7 11. f3 Nxd5 12. Qxd5 Bh4+ 13. g3 Ne7 14. Qd2 Qc6 15. Be3 Bf6 16. 0-0-0 Rd8 17. Na5 Qe8 18. Bb6 1/2-1/2

[Event "HUN-chT2 Erkel 1819"]
[Site "Hungary"]
[Date "2019.02.10"]
[Round "5.7"]
[White "Horvath, Jeno Kalman"]
[Black "Vitalyos, Marton"]
[Result "1/2-1/2"]
[WhiteElo "1858"]
[BlackElo "2069"]
[PlyCount "75"]
[EventDate "2018.10.28"]
[EventType "team-tourn"]
[EventRounds "9"]
[EventCountry "HUN"]
[SourceTitle "EXT 2021"]
[Source "ChessBase"]
[SourceDate "2020.10.23"]
[SourceVersion "1"]
[SourceVersionDate "2020.10.23"]
[SourceQuality "1"]
[WhiteTeam "Fot"]
[BlackTeam "Budapest MTK II"]
[WhiteTeamCountry "HUN"]
[BlackTeamCountry "HUN"]

1. d4 Nf6 2. Nf3 d5 3. Bg5 Ne4 4. Bf4 Nc6 5. e3 g6 6. Nbd2 Nxd2 7. Qxd2 Bg7 8. Be2 0-0 9. 0-0 Bf5 10. Rad1 Qc8 11. Bg3 Re8 12. c4 Qd7 13. Qc3 Rad8 14. b4 dxc4 15. b5 Nb8 16. Bxc4 c5 17. Qb3 e6 18. dxc5 Qc8 19. c6 bxc6 20. bxc6 Nxc6 21. Bb5 Qb7 22. Qa4 Rxd1 23. Rxd1 Bc2 24. Qxc2 Qxb5 25. Rb1 Qa6 26. h3 h6 27. Qb3 Rd8 28. a4 Rd3 29. Qb5 Qxb5 30. axb5 Ne7 31. b6 axb6 32. Rxb6 Nf5 33. Be5 Nh4 34. Bxg7 Nxf3+ 35. gxf3 Kxg7 36. Rb4 Rd1+ 37. Kg2 Rd5 38. f4 1/2-1/2

[Event "Budapest-chT1 Lilienthal 1718"]
[Site "Budapest"]
[Date "2018.02.04"]
[Round "8"]
[White "Lukacs, Albert"]
[Black "Vitalyos, Marton"]
[Result "1-0"]
[WhiteElo "1929"]
[BlackElo "2076"]
[PlyCount "51"]
[EventDate "2017.10.01"]
[EventType "team-tourn"]
[EventRounds "13"]
[EventCountry "HUN"]
[SourceTitle "EXT 2021"]
[Source "ChessBase"]
[SourceDate "2020.10.23"]
[SourceVersion "1"]
[SourceVersionDate "2020.10.23"]
[SourceQuality "1"]
[WhiteTeam "Palota Sakk"]
[BlackTeam "Budapest MTK III"]
[WhiteTeamCountry "HUN"]
[BlackTeamCountry "HUN"]

1. e4 e5 2. Nc3 d6 3. h3 Nc6 4. Nf3 Be7 5. Bb5 Bd7 6. 0-0 Nf6 7. d4 Nxd4 8. Bxd7+ Qxd7 9. Nxd4 exd4 10. Qxd4 0-0 11. Re1 Rfd8 12. b3 c6 13. Bb2 Qe6 14. Rad1 a5 15. Qe3 h6 16. f4 b5 17. Qf3 Qd7 18. e5 Qa7+ 19. Kh2 dxe5 20. fxe5 Qc7 21. Qg3 Nd5 22. Ne4 g6 23. c4 bxc4 24. bxc4 Nb6 25. Nd6 Rab8 26. Nxf7 1-0

[Event "HUN-chT2 Erkel 1516"]
[Site "Hungary"]
[Date "2015.11.08"]
[Round "4.4"]
[White "Hevesi, Zoltan"]
[Black "Vitalyos, Marton"]
[Result "1/2-1/2"]
[WhiteElo "2046"]
[BlackElo "2120"]
[PlyCount "97"]
[EventDate "2015.09.13"]
[EventType "team-tourn"]
[EventRounds "11"]
[EventCountry "HUN"]
[SourceTitle "CBM 170 Extra"]
[Source "ChessBase"]
[SourceDate "2016.02.25"]
[SourceVersion "1"]
[SourceVersionDate "2016.02.25"]
[SourceQuality "1"]
[WhiteTeam "Andornaktalya"]
[BlackTeam "Budapest MTK II"]
[WhiteTeamCountry "HUN"]
[BlackTeamCountry "HUN"]

1. d4 Nf6 2. Nf3 e6 3. c4 d5 4. g3 c5 5. cxd5 exd5 6. Bg2 Nc6 7. Nc3 Ne4 8. 0-0 Nxc3 9. bxc3 Be7 10. e4 dxe4 11. Ne5 Nxe5 12. dxe5 Qxd1 13. Rxd1 Bg4 14. Re1 Bf3 15. Bxf3 exf3 16. Rb1 b6 17. c4 0-0 18. Rb3 Rfd8 19. Rxf3 Rd4 20. Rc3 Rad8 21. Be3 Re4 22. f4 g5 23. Kg2 g4 24. h3 h5 25. hxg4 hxg4 26. Bf2 Rxe1 27. Bxe1 f6 28. Ra3 fxe5 29. Rxa7 Bf6 30. Bc3 Re8 31. Kf2 Rf8 32. Bd2 Rd8 33. Bc3 Rf8 34. Bd2 exf4 35. Bxf4 Bg5 36. Rb7 Bxf4 37. gxf4 Rxf4+ 38. Kg3 Rxc4 39. Rxb6 Kf7 40. Rc6 Ke7 41. Rg6 Ra4 42. Rc6 Ra5 43. Kxg4 Kd7 44. Rb6 Rxa2 45. Kf4 Re2 46. Ra6 Kc7 47. Kf3 Re7 48. Ra7+ Kd6 49. Rxe7 1/2-1/2

[Event "Balatonalmadi Pannonia Cup 20th"]
[Site "Balatonalmadi"]
[Date "2015.08.01"]
[Round "6"]
[White "Szepes, Tamas"]
[Black "Vitalyos, Marton"]
[Result "1-0"]
[WhiteElo "2194"]
[BlackElo "2090"]
[PlyCount "136"]
[EventDate "2015.07.29"]
[EventType "swiss"]
[EventRounds "7"]
[EventCountry "HUN"]
[SourceTitle "EXT 2016"]
[Source "ChessBase"]
[SourceDate "2015.10.08"]
[SourceVersion "1"]
[SourceVersionDate "2015.10.08"]
[SourceQuality "1"]

1. d4 d5 2. c4 c6 3. cxd5 cxd5 4. Nc3 e6 5. Bf4 Bd6 6. Bxd6 Qxd6 7. e3 Nc6 8. Rc1 Nge7 9. Nf3 0-0 10. Bd3 e5 11. dxe5 Nxe5 12. Nxe5 Qxe5 13. 0-0 Rd8 14. Qc2 Bf5 15. Rfe1 Rac8 16. e4 dxe4 17. Bxe4 Bxe4 18. Rxe4 Qc5 19. Rce1 Nd5 20. Qb3 Nxc3 21. bxc3 b6 22. Re7 Rf8 23. Rxa7 Qxc3 24. Qxc3 Rxc3 25. g3 g5 26. Ree7 Rcc8 27. Rab7 Ra8 28. Re5 h6 29. Rxb6 Rxa2 30. Rxh6 f6 31. Re7 Rf7 32. Rh8+ Kg7 33. Ree8 Kg6 34. g4 Ra4 35. h3 Rh7 36. Reg8+ Rg7 37. Rf8 Raa7 38. Kg2 Rh7 39. Rhg8+ Rhg7 40. Rh8 Rh7 41. Rxh7 Rxh7 42. Rg8+ Kf7 43. Ra8 Kg6 44. Ra5 Rb7 45. Rf5 Rb4 46. Kg3 Rb3+ 47. f3 Rc3 48. h4 gxh4+ 49. Kxh4 Rb3 50. Kg3 Ra3 51. Rd5 Kf7 52. Kf4 Ke6 53. Rd4 Ra5 54. Rb4 Kf7 55. Rb3 Ra4+ 56. Kg3 Kg6 57. f4 Ra7 58. Rb6 Kg7 59. Kh4 Ra1 60. Rb7+ Kg6 61. Rb6 Rh1+ 62. Kg3 Rg1+ 63. Kf3 Rf1+ 64. Ke3 Kg7 65. Ke4 Kf7 66. Kf5 Kg7 67. Rb7+ Kg8 68. Kg6 Kf8 1-0

[Event "HUN-chT2 Erkel 1415"]
[Site "Hungary"]
[Date "2014.11.30"]
[Round "3.12"]
[White "Vitalyos, Marton"]
[Black "Czajner, Gabor"]
[Result "1-0"]
[WhiteElo "2006"]
[BlackElo "1672"]
[PlyCount "39"]
[EventDate "2014.09.28"]
[EventType "team-tourn"]
[EventRounds "9"]
[EventCountry "HUN"]
[SourceTitle "EXT 2016"]
[Source "ChessBase"]
[SourceDate "2015.10.08"]
[SourceVersion "1"]
[SourceVersionDate "2015.10.08"]
[SourceQuality "1"]
[WhiteTeam "Budapest MTK"]
[BlackTeam "Andornaktalya"]
[WhiteTeamCountry "HUN"]
[BlackTeamCountry "HUN"]

1. e4 e6 2. d4 d5 3. Nd2 Nf6 4. e5 Nfd7 5. c4 Nb6 6. Ngf3 c5 7. cxd5 Qxd5 8. dxc5 Bxc5 9. Qb3 0-0 10. Bd3 Nc6 11. 0-0 Rd8 12. Be4 Qd7 13. Bxh7+ Kxh7 14. Qc2+ Qd3 15. Qxc5 Rd5 16. Qf8 Qf5 17. Ne4 Bd7 18. Neg5+ Kg6 19. Nh4+ Kh5 20. Qxg7 1-0

[Event "HUN-ch U18"]
[Site "Balatonlelle"]
[Date "2014.06.27"]
[Round "8"]
[White "Vitalyos, Marton"]
[Black "Farkas, Richard"]
[Result "0-1"]
[WhiteElo "2046"]
[BlackElo "2306"]
[PlyCount "94"]
[EventDate "2014.06.20"]
[EventType "swiss"]
[EventRounds "9"]
[EventCountry "HUN"]
[SourceTitle "EXT 2024"]
[Source "ChessBase"]
[SourceDate "2023.10.10"]
[SourceVersion "1"]
[SourceVersionDate "2023.10.10"]
[SourceQuality "1"]

1. d4 Nf6 2. Bg5 Ne4 3. Bf4 g5 4. Bc1 g4 5. f3 gxf3 6. exf3 Nd6 7. Bf4 Bg7 8. Nc3 Nf5 9. Nge2 a6 10. Qd3 d5 11. Be5 f6 12. Ng3 Nxg3 13. Bxg3 Nc6 14. Be2 Nb4 15. Qd2 Bf5 16. Rc1 Qd7 17. Ne4 dxe4 18. Qxb4 0-0-0 19. Qc5 e5 20. Rd1 Qd6 21. Qa7 Qb6 22. Qxb6 cxb6 23. fxe4 Bxe4 24. dxe5 fxe5 25. 0-0 Bg6 26. c3 Rxd1 27. Rxd1 Rd8 28. Bg4+ Kc7 29. Rxd8 Kxd8 30. Kf2 Kc7 31. Bf3 b5 32. Ke2 Bb1 33. a3 b6 34. Bg4 Kc6 35. Bf2 a5 36. Be3 Bf8 37. Bh5 Bg6 38. Bxg6 hxg6 39. Kf3 Kd5 40. Bxb6 a4 41. Ke3 Bh6+ 42. Kd3 e4+ 43. Ke2 Bc1 44. Ba5 Bxb2 45. Bb4 Kc4 46. Ke3 Bxc3 47. Be7 b4 0-1

[Event "HUN-ch U18"]
[Site "Balatonlelle"]
[Date "2014.06.22"]
[Round "3"]
[White "Vitalyos, Marton"]
[Black "Berta, Sandor Martin"]
[Result "1-0"]
[WhiteElo "2046"]
[BlackElo "2024"]
[PlyCount "119"]
[EventDate "2014.06.20"]
[EventType "swiss"]
[EventRounds "9"]
[EventCountry "HUN"]
[SourceTitle "EXT 2024"]
[Source "ChessBase"]
[SourceDate "2023.10.10"]
[SourceVersion "1"]
[SourceVersionDate "2023.10.10"]
[SourceQuality "1"]

1. d4 Nf6 2. c4 c5 3. dxc5 Qa5+ 4. Nc3 Qxc5 5. Nf3 g6 6. e4 d6 7. Be3 Qc7 8. Be2 Bg7 9. 0-0 Nbd7 10. Qa4 0-0 11. Rfd1 Nc5 12. Nb5 Qb8 13. Bxc5 dxc5 14. Nc3 e6 15. Rd2 b6 16. Rad1 Bb7 17. Bd3 Bh6 18. Re2 Rd8 19. e5 Nh5 20. Be4 Nf4 21. Rxd8+ Qxd8 22. Bxb7 Nxe2+ 23. Nxe2 Rb8 24. Bc6 b5 25. cxb5 Qd3 26. Nc3 Bd2 27. Qd1 Rd8 28. Qxd2 Qxd2 29. Nxd2 Rxd2 30. Kf1 Rxb2 31. Be4 Kf8 32. f4 Ke7 33. Ke1 f6 34. Kd1 Kf7 35. Bc2 Rb4 36. g3 f5 37. Kd2 h6 38. Kd3 Rd4+ 39. Ke3 Rc4 40. Kd2 Rb4 41. a3 Rd4+ 42. Kc1 g5 43. Ne2 Rd8 44. Bb1 Ke7 45. Kc2 Rd7 46. Ba2 Rd8 47. Bb3 Rd7 48. Kc3 Rd8 49. a4 Rd7 50. a5 Rd8 51. Kc4 Rd2 52. Nc3 gxf4 53. gxf4 Rd4+ 54. Kxc5 Rxf4 55. b6 axb6+ 56. axb6 Kd7 57. Bxe6+ Kd8 58. Nb5 Re4 59. b7 Rxe5+ 60. Bd5 1-0

[Event "Balatonalmadi Pannonia Cup 17th"]
[Site "Balatonalmadi"]
[Date "2012.07.25"]
[Round "1"]
[White "Hardicsay, Peter"]
[Black "Vitalyos, Marton"]
[Result "1-0"]
[WhiteElo "2274"]
[BlackElo "1951"]
[PlyCount "71"]
[EventDate "2012.07.25"]
[EventType "swiss"]
[EventRounds "7"]
[EventCountry "HUN"]
[SourceTitle "EXT 2016"]
[Source "ChessBase"]
[SourceDate "2015.10.08"]
[SourceVersion "1"]
[SourceVersionDate "2015.10.08"]
[SourceQuality "1"]

1. c4 Nf6 2. Nc3 e6 3. Nf3 Nc6 4. d4 d5 5. Bg5 Be7 6. e3 0-0 7. Rc1 a6 8. a3 Ne4 9. Bxe7 Qxe7 10. Bd3 Nxc3 11. Rxc3 dxc4 12. Bxc4 e5 13. d5 Rd8 14. Nd2 Nd4 15. 0-0 Nb5 16. Rc1 e4 17. Qc2 Nd6 18. Be2 Bf5 19. Qxc7 Qe5 20. Qb6 Qxd5 21. Nb3 Qe5 22. Nd4 Bd7 23. Rc5 Qf6 24. Rfc1 Rac8 25. Bf1 h6 26. R1c3 Qe7 27. h3 Qf6 28. Rd5 Ne8 29. Qxb7 Rb8 30. Qxa6 Qxa6 31. Bxa6 Rxb2 32. Bb5 Nf6 33. Rd6 Kf8 34. Bxd7 Rxd7 35. Rc8+ Ke7 36. Nf5# 1-0

[Event "Budapest-chT1 Lilienthal 1112"]
[Site "Budapest"]
[Date "2012.02.05"]
[Round "7"]
[White "Vitalyos, Marton"]
[Black "Dlauchy, Peter"]
[Result "1-0"]
[WhiteElo "1897"]
[BlackElo "1930"]
[PlyCount "103"]
[EventDate "2011.10.02"]
[EventType "team-tourn"]
[EventRounds "11"]
[EventCountry "HUN"]
[SourceTitle "EXT 2020"]
[Source "ChessBase"]
[SourceDate "2019.10.17"]
[SourceVersion "1"]
[SourceVersionDate "2019.10.17"]
[SourceQuality "1"]
[WhiteTeam "Taban Spartacus II"]
[BlackTeam "Budapest Vasas II"]
[WhiteTeamCountry "HUN"]
[BlackTeamCountry "HUN"]

1. e4 e6 2. d4 d5 3. exd5 exd5 4. c4 Nf6 5. Nc3 c6 6. Bg5 Be7 7. Nf3 0-0 8. Bd3 Bg4 9. c5 b6 10. Qc2 Nbd7 11. Ne5 Nxe5 12. dxe5 Ne4 13. Bxe4 dxe4 14. Bxe7 Qxe7 15. Qxe4 Bd7 16. cxb6 axb6 17. 0-0 Rfe8 18. Rfe1 Ra5 19. f4 f6 20. Qc4+ Kf8 21. Rad1 Rc5 22. Qd4 Bf5 23. exf6 Qxf6 24. Rxe8+ Kxe8 25. Re1+ Kf7 26. Qe3 Kg8 27. Na4 Rb5 28. Nxb6 h6 29. Nc4 Rd5 30. Ne5 Kh7 31. Qb6 Rd2 32. a4 Qd6 33. Nc4 Qd4+ 34. Qxd4 Rxd4 35. b3 Rxf4 36. Rf1 Rxf1+ 37. Kxf1 Bc8 38. Ke2 Kg8 39. Ke3 Kf8 40. Kd4 Ke7 41. Kc5 Bf5 42. Kxc6 Be4+ 43. Kc7 Bxg2 44. a5 g5 45. Ne5 Ke6 46. Nc6 Bf1 47. Kb6 Kd6 48. b4 h5 49. a6 Bxa6 50. Kxa6 Kxc6 51. b5+ Kc7 52. Ka7 1-0

[Event "HUN-chT2 Maroczy 1112"]
[Site "Hungary"]
[Date "2011.09.25"]
[Round "1"]
[White "Mozer, Sandor"]
[Black "Vitalyos, Marton"]
[Result "1/2-1/2"]
[WhiteElo "1997"]
[BlackElo "1897"]
[PlyCount "49"]
[EventDate "2011.09.25"]
[EventType "team-tourn"]
[EventRounds "11"]
[EventCountry "HUN"]
[SourceTitle "EXT 2013"]
[Source "ChessBase"]
[SourceDate "2012.11.22"]
[SourceVersion "1"]
[SourceVersionDate "2012.11.22"]
[SourceQuality "1"]
[WhiteTeam "Nyiregyhaza"]
[BlackTeam "Taban Spartacus"]
[WhiteTeamCountry "HUN"]
[BlackTeamCountry "HUN"]

1. e4 c5 2. Nc3 d6 3. g3 Nc6 4. Bg2 g6 5. d3 Bg7 6. Be3 Nf6 7. h3 0-0 8. Nge2 Rb8 9. 0-0 Bd7 10. Qd2 Qc8 11. Kh2 b5 12. f4 e5 13. fxe5 Nxe5 14. Nf4 Kh8 15. a3 Be6 16. Rae1 b4 17. axb4 cxb4 18. Nce2 a5 19. b3 Ned7 20. Bd4 Ne5 21. Ra1 Qc7 22. Kh1 Rfc8 23. Ra2 Rb5 24. Ng1 Bd7 25. Nge2 1/2-1/2

[Event "HUN-ch U16"]
[Site "Celldoemoelk"]
[Date "2011.06.30"]
[Round "4"]
[White "Vitalyos, Marton"]
[Black "Darai, Tihamer"]
[Result "0-1"]
[WhiteElo "1866"]
[BlackElo "1781"]
[PlyCount "62"]
[EventDate "2011.06.27"]
[EventType "swiss"]
[EventRounds "7"]
[EventCountry "HUN"]
[SourceTitle "EXT 2012"]
[Source "ChessBase"]
[SourceDate "2011.11.24"]
[SourceVersion "1"]
[SourceVersionDate "2011.11.24"]
[SourceQuality "1"]

1. e4 c5 2. c3 d5 3. exd5 Qxd5 4. d4 e6 5. Nf3 Nf6 6. Bd3 Nc6 7. 0-0 Be7 8. Be3 cxd4 9. cxd4 0-0 10. Nc3 Qd7 11. a3 b6 12. Qc2 Bb7 13. Rfd1 Rfd8 14. Rac1 g6 15. Ne5 Qe8 16. Nb5 Rac8 17. Qe2 a6 18. Nxc6 Rxc6 19. Nc7 Qd7 20. Nxa6 e5 21. dxe5 Rxc1 22. Rxc1 Qd5 23. Qf1 Qxe5 24. Bxb6 Ng4 25. Bc7 Rd6 26. Bxd6 Bxd6 27. g3 Qd5 28. f3 Qd4+ 29. Kh1 Nf2+ 30. Kg2 Nxd3 31. Rc3 Bxa6 0-1

[Event "HUN-ch U16"]
[Site "Celldoemoelk"]
[Date "2011.06.29"]
[Round "3"]
[White "Ongai, Erik"]
[Black "Vitalyos, Marton"]
[Result "1/2-1/2"]
[WhiteElo "1956"]
[BlackElo "1866"]
[PlyCount "71"]
[EventDate "2011.06.27"]
[EventType "swiss"]
[EventRounds "7"]
[EventCountry "HUN"]
[SourceTitle "EXT 2012"]
[Source "ChessBase"]
[SourceDate "2011.11.24"]
[SourceVersion "1"]
[SourceVersionDate "2011.11.24"]
[SourceQuality "1"]

1. e4 c5 2. Nf3 d6 3. d4 cxd4 4. Nxd4 Nf6 5. Nc3 a6 6. Bc4 e6 7. Bb3 b5 8. 0-0 b4 9. Nce2 Nxe4 10. Nf4 Qf6 11. Nd5 exd5 12. Bxd5 Ra7 13. Bxe4 Be7 14. Be3 Rc7 15. Qd3 Nd7 16. Nc6 Nc5 17. Bxc5 dxc5 18. Nxe7 Rxe7 19. Rfe1 g6 20. Qf3 Qxf3 21. Bxf3 Kd8 22. Rad1+ Bd7 23. Kf1 Rxe1+ 24. Rxe1 Be6 25. Rd1+ Kc7 26. b3 Rd8 27. Ke2 Rxd1 28. Kxd1 Kd6 29. Kd2 f6 30. Be2 a5 31. Bd3 Ke5 32. Ke3 Bf7 33. Be2 g5 34. Bd3 h6 35. g3 Kd6 36. Kd2 1/2-1/2

[Event "Budapest-chT1 Lilienthal 1011"]
[Site "Budapest"]
[Date "2011.03.20"]
[Round "11"]
[White "Vitalyos, Marton"]
[Black "Vendeg, Balazs"]
[Result "0-1"]
[WhiteElo "1827"]
[BlackElo "1888"]
[PlyCount "66"]
[EventDate "2010.09.19"]
[EventType "team-tourn"]
[EventRounds "11"]
[EventCountry "HUN"]
[SourceTitle "EXT 2020"]
[Source "ChessBase"]
[SourceDate "2019.10.17"]
[SourceVersion "1"]
[SourceVersionDate "2019.10.17"]
[SourceQuality "1"]
[WhiteTeam "Taban Spartacus II"]
[BlackTeam "Hid Unio"]
[WhiteTeamCountry "HUN"]
[BlackTeamCountry "HUN"]

1. e4 Nf6 2. e5 Nd5 3. d4 d6 4. Nf3 dxe5 5. Nxe5 c6 6. Bc4 Nd7 7. 0-0 Nxe5 8. dxe5 Bf5 9. Kh1 e6 10. Bxd5 cxd5 11. c3 Bc5 12. b4 Be7 13. Qa4+ Qd7 14. Qxd7+ Kxd7 15. Be3 Rhc8 16. Bd4 a5 17. bxa5 Rxa5 18. f4 Rca8 19. Rf2 Kc6 20. Rb2 b5 21. Be3 Bd3 22. Rf2 g6 23. g4 Bxb1 24. Rxb1 Rxa2 25. Rbf1 Rxf2 26. Bxf2 Ra4 27. Be3 Re4 28. Bd2 Re2 29. Be1 Kc5 30. Bg3 Kc4 31. Rc1 Ba3 32. Ra1 Kb3 33. Kg1 Rc2 0-1

[Event "Budapest-chT1 Lilienthal 1011"]
[Site "Budapest"]
[Date "2010.11.28"]
[Round "5"]
[White "Vitalyos, Marton"]
[Black "Horvath, Attila Bela"]
[Result "1-0"]
[WhiteElo "1827"]
[BlackElo "1796"]
[PlyCount "91"]
[EventDate "2010.09.19"]
[EventType "team-tourn"]
[EventRounds "11"]
[EventCountry "HUN"]
[SourceTitle "EXT 2020"]
[Source "ChessBase"]
[SourceDate "2019.10.17"]
[SourceVersion "1"]
[SourceVersionDate "2019.10.17"]
[SourceQuality "1"]
[WhiteTeam "Taban Spartacus II"]
[BlackTeam "Fabulon"]
[WhiteTeamCountry "HUN"]
[BlackTeamCountry "HUN"]

1. e4 c6 2. Nf3 d5 3. Nc3 dxe4 4. Nxe4 Nf6 5. Ng3 Nbd7 6. d4 Nb6 7. Be2 h5 8. Bg5 Qc7 9. 0-0 Bg4 10. Ne5 Bxe2 11. Qxe2 h4 12. Nf5 h3 13. Rfe1 e6 14. Qf3 0-0-0 15. Nxg7 Bxg7 16. Bxf6 Bxf6 17. Qxf6 hxg2 18. Qxf7 Qd6 19. Ng4 Rdg8 20. Rxe6 Qxd4 21. Nf6 Qh4 22. Qxg8+ Rxg8 23. Nxg8 Nd5 24. Rae1 Nf4 25. Ne7+ Kd7 26. Ng6 Nh3+ 27. Kxg2 Qg4+ 28. Kf1 Qg1+ 29. Ke2 Qg4+ 30. Kd2 Qg5+ 31. R1e3 Nxf2 32. h4 Qh5 33. Re7+ Kd8 34. Re8+ Kc7 35. Nf4 Qd1+ 36. Kc3 Qd6 37. Ne6+ Kb6 38. Kb3 Qd5+ 39. c4 Qd2 40. Ka4 Qa5+ 41. Kb3 Qd2 42. Ka4 a6 43. Rb3+ Ka7 44. Re7 Qd6 45. Rexb7+ Ka8 46. Nc7+ 1-0